Исследование фокусирующих свойств модулированных управляющих магнитных полей индукционных циклических ускорителей: автореферат диссертации на соискание ученой степени кандидата технических наук; спец. 01.04.20

التفاصيل البيبلوغرافية
المؤلف الرئيسي: Холмогоров В. Н. Василий Николаевич
مؤلف مشترك: Томский политехнический университет
مؤلفون آخرون: Чахлов В. Л. Владимир Лукьянович (научный руководитель)
الملخص:Заглавие с титульного экрана
Электронная версия печатной публикации
اللغة:الروسية
منشور في: Томск, [Б. и.], 2002
الموضوعات:
الوصول للمادة أونلاين:http://www.lib.tpu.ru/fulltext/a/2002/10.pdf
التنسيق: الكتروني كتاب
KOHA link:https://koha.lib.tpu.ru/cgi-bin/koha/opac-detail.pl?biblionumber=41646

MARC

LEADER 00000nlm0a2200000 4500
001 41646
005 20231031014559.0
035 |a (RuTPU)RU\TPU\book\42774 
090 |a 41646 
100 |a 20020626d2002 k y0rusy50 ca 
101 0 |a rus 
102 |a RU 
105 |a a dm 001zy 
135 |a drbn ---uucaa 
181 0 |a i  
182 0 |a b 
200 1 |a Исследование фокусирующих свойств модулированных управляющих магнитных полей индукционных циклических ускорителей  |b Электронный ресурс  |e автореферат диссертации на соискание ученой степени кандидата технических наук  |e спец. 01.04.20  |f В. Н. Холмогоров  |g Томский политехнический университет ; науч. рук. В. Л. Чахлов 
203 |a Текст  |c электронный 
210 |a Томск  |c [Б. и.]  |d 2002 
215 |a 1 файл (1251 Kb) 
230 |a Электронные текстовые данные (1 файл : 1251 Kb) 
300 |a Заглавие с титульного экрана 
300 |a Электронная версия печатной публикации 
337 |a Adobe Reader 
610 1 |a электроника 
610 1 |a циклические ускорители 
610 1 |a магнитные поля 
610 1 |a бетатроны 
610 1 |a математическое моделирование 
610 1 |a математическое моделирование 
610 1 |a фокусирующие свойства 
610 1 |a авторефераты диссертаций 
610 1 |a электронный ресурс 
610 1 |a труды учёных ТПУ 
675 |a 621.384.63(04)  |v 3 
686 |a 01.04.20  |2 oksvnk 
700 1 |a Холмогоров  |b В. Н.  |g Василий Николаевич 
702 1 |a Чахлов  |b В. Л.  |c физик  |c заслуженный деятель науки и техники Российской Федерации  |c заслуженный профессор Томского политехнического университета, доктор технических наук  |f 1934-2011  |g Владимир Лукьянович  |2 stltpush  |3 (RuTPU)RU\TPU\pers\19882  |4 727 
712 0 2 |a Томский политехнический университет  |2 stltpush  |3 (RuTPU)RU\TPU\col\376 
801 1 |a RU  |b 63413507  |c 20020626  |g PSBO 
801 2 |a RU  |b 63413507  |c 20151112  |g PSBO 
856 4 |u http://www.lib.tpu.ru/fulltext/a/2002/10.pdf 
942 |c CF